Statistics for Largest Airlines Beginning with A

Click here to take the quiz!

General Stats

  • This quiz has been taken 98 times
  • The average score is 10 of 16

Answer Stats

Airline% Correct
American
92%
Air Canada
79%
Air France
75%
Air China
72%
Aeroflot
69%
Alitalia
69%
Aeromexico
68%
Air India
65%
Aer Lingus
64%
Austrian
54%
Avianca
54%
Asiana
51%
Aegean Airlines
47%
Air Asia
46%
Air Berlin
32%
Azul Airlines
32%

Score Distribution

Percentile by Number Answered

Percent of People with Each Score

Your Score History

You have not taken this quiz